Oración fúnebre de S.M. el Rey D. Alfonso XII (Record no. 156267)

MARC details
000 -LEADER
campo de control de longitud fija 00919nam a2200193 i 4500
001 - NÚMERO DE CONTROL
campo de control 156267
003 - IDENTIFICADOR DE NÚMERO DE CONTROL
campo de control ES-MaACL
005 - FECHA Y HORA DE LA ÚLTIMA TRANSACCIÓN
campo de control 20260301183523.0
008 - DATOS DE LONGITUD FIJA--INFORMACIÓN GENERAL
campo de control de longitud fija 040804s1886 sp |||| | spa d
040 ## - FUENTE DE CATALOGACIÓN
Centro catalogador/agencia de origen CAM
Lengua de catalogación spa
Centro/agencia transcriptor CAM
100 1# - ENTRADA PRINCIPAL--NOMBRE DE PERSONA
Nombre de persona Jardiel, Florencio,
Fechas asociadas al nombre 1844-1931
9 (RLIN) 66111
245 10 - MENCIÓN DEL TÍTULO
Título Oración fúnebre de S.M. el Rey D. Alfonso XII
Resto del título : predicada á la Real Maestranza de Caballería de Zaragoza /
Mención de responsabilidad, etc. por Florencio Jardiel.
260 ## - PUBLICACIÓN, DISTRIBUCIÓN, ETC.
Lugar de publicación, distribución, etc. Zaragoza :
Nombre del editor, distribuidor, etc. [s.n.],
Fecha de publicación, distribución, etc. 1886 (
Fabricante Establecimiento tipográfico de Comas)
300 ## - DESCRIPCIÓN FÍSICA
Extensión 30 p. ;
Dimensiones 28 cm.
600 04 - PUNTO DE ACCESO ADICIONAL DE MATERIA--NOMBRE DE PERSONA
Nombre de persona Alfonso
Numeración XII,
Títulos y otros términos asociados al nombre Rey de España
9 (RLIN) 19874
710 2# - ENTRADA AGREGADA--NOMBRE DE ENTIDAD CORPORATIVA
Nombre de entidad corporativa o nombre de jurisdicción como elemento de entrada Real Maestranza de Caballería de Zaragoza.
9 (RLIN) 134791
852 ## - LOCALIZACIÓN
Ubicación ES-MaACL
Número de control de estantería T-504-F-1
Nota libre -- Enc. hol., conservando la enc. editorial
-- -- Enc. en un vol. facticio
-- .- Anotación manuscrita en port.: "A la biblioteca del Ateneo por encargo del autor, Sánchez Moguel"
Holdings
Estatus retirado Estado de pérdida Estado de daño No para préstamo Colección Biblioteca de origen Biblioteca actual Ubicación en estantería Fecha de adquisición Total de préstamos Signatura topográfica completa Código de barras Visto por última vez Precio de reemplazo Tipo de ítem Koha
        Colección de folletos Biblioteca del Ateneo de Madrid Biblioteca del Ateneo de Madrid Depósito folletos 17/01/2008   T-504-F-1 1163487 23/02/2023 23/02/2023 Folleto